| 000 | 00400 a2200169 4500 | ||
|---|---|---|---|
| 003 | OSt | ||
| 005 | 20180116182839.0 | ||
| 008 | 160428b xxu||||| |||| 00| 0 eng d | ||
| 020 | _a8177582062 | ||
| 040 | _c0 | ||
| 100 | _aCharles R. Greer | ||
| 245 | _aStrategic Human Resource Manangment. | ||
| 250 | _a2nd | ||
| 260 |
_aNew Delhi _c2007 |
||
| 300 | _a368 | ||
| 942 |
_aNBS _cBK _k658.301 GRE _2ddc |
||
| 999 |
_c347166 _d347166 |
||